00401nam a2200145Ia 4500008004100000040001900041041001200060082002900072100002200101245003700123260004100160300002100201650002300222850001000245131103s9999 xx 000 0 und d aLoreto College aEnglish a491.433/SHAbLCLIB/35728 aSharma,Ranaprasad aPouranik KoshcRanaprasad Sharma aVaranasibGayan Mandal Limitedc1976 a466 p. c 24 cm. aHindi Encyclopedia aLCLIB